Musical Song Match IV Quiz Stats

 Plays Quiz not verified by Sporcle

Challenge
Share
Tweet
Embed
Score 0/16 Timer 03:00
0 Plays Today
% Correct
Dancing Queen
95.2%
All That Jazz
94.9%
I Dreamed a Dream
92.4%
Cell Block Tango
92.1%
Do You Hear the People Sing?
92.1%
On My Own
88.4%
December, 1963 (Oh, What a Night)
87.3%
Can't Take My Eyes Off You
82.5%
% Correct
Red and Black
81.9%
The Winner Takes It All
81.1%
Lay All Your Love on Me
78.8%
We Both Reached for the Gun
78.2%
Sherry
76.3%
Slipping Through My Fingers
66.9%
Working My Way Back to You
65.8%
Nowadays
65.3%

You're not logged in!

Compare scores with friends on all Sporcle quizzes.
Join for Free
OR
Log In

You Might Also Like...

Show Comments

Extras

Top Quizzes Today


Score Distribution

Your Account Isn't Verified!

In order to create a playlist on Sporcle, you need to verify the email address you used during registration. Go to your Sporcle Settings to finish the process.

Report this User

Report this user for behavior that violates our Community Guidelines.

Details: